Democracia, transición y gobernabilidad en América Latina.

Guardat en:
Dades bibliogràfiques
Autor principal: Nohlen, Dieter (autor)
Format: Llibre
Idioma:espanyol
Edició:2a ed.
Col·lecció:(Conferencias magistrales ; no. 4)
Matèries:
Etiquetes: Afegir etiqueta
Sense etiquetes, Sigues el primer a etiquetar aquest registre!

MARC

LEADER 00000cam^a2200000uu^4500
001 000467541
005 20250521000000.0
008 050901s1998^^^^^^^^^^^^rd^r^^000^0^spa^d
009 20260310124449.714
022 |a 968658189 
035 |a FCE 000010219 
035 |a FCE 029645 
037 |a Acervo ITESO - Biblioteca 
041 |a spa 
082 0 4 |a 321.8  |b IFE CON 4 
100 |a Nohlen, Dieter  |e (autor) 
245 1 0 |a Democracia, transición y gobernabilidad en América Latina. 
250 |a 2a ed. 
264 |a México :  |b IFE,  |c 1998. 
300 |a 39 p. 
336 |a texto  |b txt  |2 rdacontenido 
337 |a sin mediación  |b n  |2 rdamedio 
338 |a volumen  |b nc  |2 rdasoporte 
440 0 |a (Conferencias magistrales ;  |v no. 4) 
596 |a Colección: temas de la democracia 
649 |a XX 
650 |a Democracia 
650 |a Representación 
650 |a Política y gobierno 
650 |a Transición democrática 
650 |a América Latina 
910 |a Fondo Centro de Estudios Educativos 
920 |a Impresos - Libros 
930 |a Fondos Especiales 
905 |a 133 
901 |a ALE029645  |b IT2  |c CEE  |u 20250521 
902 |a https://opac.biblio.iteso.mx/vufind/Record/000467541